000 00396nam a2200145Ia 4500
008 100122s9999 xx 000 0 und d
082 _b69312
_a821
100 _aबांठीया ललिता
245 _aकोलाज
260 _bसुविद्या प्रकाशन
_c2003
300 _a94
630 _aकोलाज
730 _aकोलाज
942 _cBOOK
999 _c440662
_d440659